| 000 | 00364nam a2200157 i 4500 | ||
|---|---|---|---|
| 001 | bg | ||
| 100 | 1 | _aBOKOV, V. H. | |
| 245 | 0 |
_aAtlas po detaljam maĊĦin / _cV.H. Bokov, S.P. Fadeev. |
|
| 260 |
_aMoskva, _c1969. |
||
| 700 | 1 | _aFADEEV, S. P. | |
| 040 | _cBPK | ||
| 041 | _apol | ||
| 080 | _a621.81 | ||
| 942 | _cKS | ||
| 008 | s pl f |000 0 pol | ||
| 999 |
_c12647 _d12647 |
||
| 856 |
_uhttp://koha.tu.koszalin.pl/cgi-bin/koha/opac-detail.pl?biblionumber=12647 _yKatalog online BPK |
||